<?xml version="1.0" encoding="UTF-8"?>
<record
    xmlns:xsi="http://www.w3.org/2001/XMLSchema-instance"
    xsi:schemaLocation="http://www.loc.gov/MARC21/slim http://www.loc.gov/standards/marcxml/schema/MARC21slim.xsd"
    xmlns="http://www.loc.gov/MARC21/slim">

  <leader>03167njm a2200481Ia 4500</leader>
  <controlfield tag="001">23930</controlfield>
  <controlfield tag="003">IT-RoPAU</controlfield>
  <controlfield tag="005">20220918181120.0</controlfield>
  <controlfield tag="008">131025s9999    xx            000 0 und d</controlfield>
  <datafield tag="040" ind1=" " ind2=" ">
    <subfield code="a">IT-RoPAU</subfield>
  </datafield>
  <datafield tag="040" ind1=" " ind2=" ">
    <subfield code="c">IT-RoPAU</subfield>
  </datafield>
  <datafield tag="041" ind1=" " ind2=" ">
    <subfield code="a">ITALIANO</subfield>
  </datafield>
  <datafield tag="999" ind1=" " ind2=" ">
    <subfield code="c">99692</subfield>
    <subfield code="d">99692</subfield>
  </datafield>
  <datafield tag="999" ind1=" " ind2=" ">
    <subfield code="b">n.d.</subfield>
  </datafield>
  <datafield tag="100" ind1=" " ind2=" ">
    <subfield code="a">AA.VV.</subfield>
    <subfield code="9">794</subfield>
  </datafield>
  <datafield tag="100" ind1=" " ind2=" ">
    <subfield code="e">Autore musica</subfield>
    <subfield code="9">7607</subfield>
  </datafield>
  <datafield tag="100" ind1=" " ind2=" ">
    <subfield code="g">Codice autore musica SPICS: 12000</subfield>
    <subfield code="9">796</subfield>
  </datafield>
  <datafield tag="245" ind1=" " ind2=" ">
    <subfield code="a">Motivi dell'allegria (I)-vol.1 (Lp 20052)</subfield>
  </datafield>
  <datafield tag="250" ind1=" " ind2=" ">
    <subfield code="a">1a ed.</subfield>
  </datafield>
  <datafield tag="260" ind1=" " ind2=" ">
    <subfield code="a">MILANO</subfield>
  </datafield>
  <datafield tag="260" ind1=" " ind2=" ">
    <subfield code="b">COMBO RECORD</subfield>
    <subfield code="c">1970 [1a Ed.:1970]</subfield>
  </datafield>
  <datafield tag="300" ind1=" " ind2=" ">
    <subfield code="a">DISCO</subfield>
  </datafield>
  <datafield tag="500" ind1=" " ind2=" ">
    <subfield code="a">Cantano Adriano Valle, Gabriella Piccinini con Rocco Bandera, Victor Cellie, Gristina Jorio con Zuccheri e la sua orchestra. Canzoni popolari. Valzer, mazurka, marcia.</subfield>
  </datafield>
  <datafield tag="505" ind1=" " ind2=" ">
    <subfield code="a">Reginella campagnola - Rosamunda - Evviva la torre di Pisa - La mazurka della nonna - Valzer dell'organino - Francescamaria - Valzer del buonumore - Piemontesina - Sbarazzina - La romanina - Rosabella del Molise - Mazurca di Carolina - Valzer della fisarmonica - Il tamburo della banda d'Affori</subfield>
  </datafield>
  <datafield tag="650" ind1=" " ind2=" ">
    <subfield code="a">POPOLARE [DISCHI]</subfield>
    <subfield code="e">Codice MATERIA SPICS: 9950</subfield>
    <subfield code="9">7608</subfield>
  </datafield>
  <datafield tag="700" ind1=" " ind2=" ">
    <subfield code="a">Bruno C.</subfield>
    <subfield code="d">Codice autore musica SPICS: 13502</subfield>
    <subfield code="e">Autore musica</subfield>
    <subfield code="p">Reginella campagnola - Sbarazzina - Mazurca di Carolina - Valzer della fisarmonica</subfield>
    <subfield code="9">7609</subfield>
  </datafield>
  <datafield tag="700" ind1=" " ind2=" ">
    <subfield code="a">Di Lazzaro Eldo</subfield>
    <subfield code="d">Codice autore musica SPICS: 13500</subfield>
    <subfield code="e">Autore musica</subfield>
    <subfield code="p">Reginella campagnola - Valzer del buonumore - Sbarazzina - La romanina - Rosabella del Molise - Valzer della fisarmonica</subfield>
    <subfield code="9">7610</subfield>
  </datafield>
  <datafield tag="700" ind1=" " ind2=" ">
    <subfield code="a">Nisa (Salerno Nicola)</subfield>
    <subfield code="d">Codice autore musica SPICS: 13452</subfield>
    <subfield code="e">Autore musica</subfield>
    <subfield code="p">Rosamunda</subfield>
    <subfield code="9">7611</subfield>
  </datafield>
  <datafield tag="700" ind1=" " ind2=" ">
    <subfield code="a">Vejvoda Jaromir</subfield>
    <subfield code="d">Codice autore SPICS: 13982</subfield>
    <subfield code="e">Autore</subfield>
    <subfield code="p">Rosamunda</subfield>
    <subfield code="9">7612</subfield>
  </datafield>
  <datafield tag="700" ind1=" " ind2=" ">
    <subfield code="a">Rastelli Nino</subfield>
    <subfield code="d">Codice autore musica SPICS: 13482</subfield>
    <subfield code="e">Autore musica</subfield>
    <subfield code="p">Evviva la torre di Pisa - Francescamaria - Il tamburo della banda d'Affori </subfield>
    <subfield code="9">7613</subfield>
  </datafield>
  <datafield tag="700" ind1=" " ind2=" ">
    <subfield code="a">Casiroli Nino</subfield>
    <subfield code="d">Codice autore SPICS: 13508</subfield>
    <subfield code="e">Autore</subfield>
    <subfield code="p">Evviva la torre di Pisa</subfield>
    <subfield code="9">7614</subfield>
  </datafield>
  <datafield tag="700" ind1=" " ind2=" ">
    <subfield code="a">Cherubini Bixio</subfield>
    <subfield code="d">Codice autore musica SPICS: 13442</subfield>
    <subfield code="e">Autore musica</subfield>
    <subfield code="p">La mazurka della nonna - Valzer dell'organino</subfield>
    <subfield code="9">7615</subfield>
  </datafield>
  <datafield tag="700" ind1=" " ind2=" ">
    <subfield code="a">Fragna Armando</subfield>
    <subfield code="d">Codice autore SPICS: 13570</subfield>
    <subfield code="e">Autore</subfield>
    <subfield code="p">La mazurka della nonna</subfield>
    <subfield code="9">7616</subfield>
  </datafield>
  <datafield tag="700" ind1=" " ind2=" ">
    <subfield code="a">Bixio Cesare Andrea</subfield>
    <subfield code="d">Codice autore SPICS: 13441</subfield>
    <subfield code="e">Autore</subfield>
    <subfield code="p">Valzer dell'organino</subfield>
    <subfield code="9">7617</subfield>
  </datafield>
  <datafield tag="700" ind1=" " ind2=" ">
    <subfield code="a">Panzeri Mario</subfield>
    <subfield code="d">Codice autore testo/musica SPICS: 13372</subfield>
    <subfield code="e">Autore testo/musica</subfield>
    <subfield code="p">Francescamaria - Il tamburo della banda d'Affori</subfield>
    <subfield code="9">7618</subfield>
  </datafield>
  <datafield tag="700" ind1=" " ind2=" ">
    <subfield code="a">Schisa</subfield>
    <subfield code="d">Codice autore testo/musica SPICS: 14193</subfield>
    <subfield code="e">Autore testo/musica</subfield>
    <subfield code="p">Francescamaria</subfield>
    <subfield code="9">7619</subfield>
  </datafield>
  <datafield tag="700" ind1=" " ind2=" ">
    <subfield code="a">Frati Enrico</subfield>
    <subfield code="d">Codice autore musica SPICS: 13443</subfield>
    <subfield code="e">Autore musica</subfield>
    <subfield code="p">Piemontesina - Sbarazzina</subfield>
    <subfield code="9">7620</subfield>
  </datafield>
  <datafield tag="700" ind1=" " ind2=" ">
    <subfield code="a">Raimondo Giovanni</subfield>
    <subfield code="d">Codice autore SPICS: 13444</subfield>
    <subfield code="e">Autore</subfield>
    <subfield code="p">Piemontesina</subfield>
    <subfield code="9">7621</subfield>
  </datafield>
  <datafield tag="700" ind1=" " ind2=" ">
    <subfield code="a">Micheli Giuseppe</subfield>
    <subfield code="d">Codice autore SPICS: 13556</subfield>
    <subfield code="e">Autore</subfield>
    <subfield code="p">La romanina</subfield>
    <subfield code="9">7622</subfield>
  </datafield>
  <datafield tag="700" ind1=" " ind2=" ">
    <subfield code="a">Gianipa (Giampa-Palmieri Gian Nicola)</subfield>
    <subfield code="d">Codice autore SPICS: 14194</subfield>
    <subfield code="e">Autore</subfield>
    <subfield code="p">Rosabella del Molise</subfield>
    <subfield code="9">7623</subfield>
  </datafield>
  <datafield tag="700" ind1=" " ind2=" ">
    <subfield code="a">Redi Gino</subfield>
    <subfield code="d">Codice autore SPICS: 13451</subfield>
    <subfield code="e">Autore</subfield>
    <subfield code="p">Mazurca di Carolina</subfield>
    <subfield code="9">7624</subfield>
  </datafield>
  <datafield tag="700" ind1=" " ind2=" ">
    <subfield code="a">Scaccia D.R.</subfield>
    <subfield code="d">Codice autore SPICS: 13183</subfield>
    <subfield code="e">Autore</subfield>
    <subfield code="p">Il tamburo della banda d'Affori </subfield>
    <subfield code="9">7625</subfield>
  </datafield>
  <datafield tag="942" ind1=" " ind2=" ">
    <subfield code="c">MD</subfield>
    <subfield code="2">ddc</subfield>
  </datafield>
  <datafield tag="952" ind1=" " ind2=" ">
    <subfield code="0">0</subfield>
    <subfield code="1">0</subfield>
    <subfield code="4">0</subfield>
    <subfield code="6">23930_000000000000000</subfield>
    <subfield code="7">1</subfield>
    <subfield code="a">SPICS</subfield>
    <subfield code="b">SPICS</subfield>
    <subfield code="d">2013-10-25</subfield>
    <subfield code="l">0</subfield>
    <subfield code="o">23930</subfield>
    <subfield code="r">2013-10-25 00:00:00</subfield>
    <subfield code="w">2013-10-25</subfield>
    <subfield code="y">MD</subfield>
    <subfield code="z">Progr. Ins.: 4777 / N.Vol.: 1 / Copie: 1 - Copia rara: n.d. / date import: 01.01.2014 - By Epidotti, Trombetti, Vaglietti</subfield>
  </datafield>
</record>
